000 00718nam a2200229 4500
003 OSt
005 20240708011939.0
006 a
008 240708b |||||||| |||| 00| 0 eng d
020 _a0787978914
040 _aDWCL-HMN lib.
_cOC
082 _2Second edition
_aCirc. 614.4 F746m 2005
100 _aFos, Peter J.
245 _aManagerial epidemiology for health care organizations /
250 _aSecond edition
260 _aSan Francisco:
_bJossey-Bass,
_cc2005.
300 _axxiv,
_b321 p. ;
_c24 cm.
504 _aIncludes bibliographical references and index.
650 _a1. Epidemiology.
650 _a2. Health services administration.
942 _2ddc
_n0
_cBK-CIRC
_eSecond edition
_kCirc.
999 _c2065
_d2065